000 02847nam a2200481 c 4500
003 BLK
005 20250118135453.0
008 180408b bul|||||r ||||||| ||bul||
010 _aKNG00059602000
020 _a978-954-92002-6-3
_bиздат.: Нар. библ. П. Р. Славейков
040 _aBLK
041 _aBUL
_cBUL
072 7 _2bullib
_aН00
_xОбщ отдел Н
080 _aОкръжни библиотеки. Областни библиотеки. Регионални библиотеки
_b027.53
_x(497.216)
_z027.53(497.216)
080 _aСбирки. Експониране. Подразделят се със знак за отношение
_b069.5
_x.02:73/76(497.216)
_z069.5.02:73/76(497.216)
700 1 _aАлександров, Иван
_eсъстав.
_gАнгелов, Иван Александров
_9367416
700 1 _aРадева, Живка Василева
_eред.
_9368950
710 1 _aНародна библ. Петко Р. Славейков. В. Търново
_9286334
139 _aНародна библ. Петко Р. Славейков. В. Търново
_bН 25
245 1 0 _aКултура и памет
_b120 г. от създаването на Нар. библ. "Петко Р. Славейков" - В. Търново
_cсъстав. Иван Александров; ред. Живка Василева Радева.
257 _aBGR
260 В. Търново
_bНар. библ. П. Р. Славейков
_c2010
_fСофия : Вулкан
300 _a84 с.
_bс ил.
_c22 см
380 _a0
490 1 _aПоредица Духовност и съвремие
_v2
500 _aБиблиогр. с. 24, с. 70-72. - Съдържа: Библиотеката като галерия - поглед отвътре / Живка Радева. Изданията на Народна библиотека "Петко Славейков" - хронологичен преглед и тематични аспекти / Иван Александров.
650 0 _aБиблиотеки - България - история
_9265402
650 4 _aИзобразително изкуство - галерии, изложби, колекции, музеи
_9286335
651 4 _aВелико Търново
_9178697
651 4 _aБългария
_9241624
653 _aНародна библиотека П. Р. Славейков
653 _aбиблиотеки
653 _aистория
653 _aиздателско дело
653 _aизобразително изкуство
659 _aН
852 _aЦб 252329
856 4 _qpdf
_u
856 4 _qpdf
_u
942 _cKNG
_n0
944 _aCR
_c14.07.2011
_lГеновева Генчева
_k30560
944 _aED
_c13.04.2017
_lф /
_kЛюдмила_Стоянова
999 _c55631
_d55631